Collected essays on economic development: in honour of Prof. Asok Barman (Record no. 415872)

000 -LEADER
fixed length control field 00485cam a22001457a 4500
008 - FIXED-LENGTH DATA ELEMENTS--GENERAL INFORMATION
fixed length control field 180718b2008 xxu||||| |||| 00| 0 eng d
020 ## - INTERNATIONAL STANDARD BOOK NUMBER
International Standard Book Number 9788189640583
082 ## - DEWEY DECIMAL CLASSIFICATION NUMBER
Classification number T19x54 C349
245 ## - TITLE STATEMENT
Title Collected essays on economic development: in honour of Prof. Asok Barman
Statement of responsibility, etc. edited by Debashis Chakraborty and Smita Nath
260 ## - PUBLICATION, DISTRIBUTION, ETC.
Place of publication, distribution, etc. New Delhi
Name of publisher, distributor, etc. Bookwell
Date of publication, distribution, etc. 2008
300 ## - PHYSICAL DESCRIPTION
Extent 188p.
650 ## - SUBJECT ADDED ENTRY--TOPICAL TERM
Topical term or geographic name entry element India --Economic conditions --1991-
700 ## - ADDED ENTRY--PERSONAL NAME
Personal name Nath, Smita
700 ## - ADDED ENTRY--PERSONAL NAME
Personal name Chakraborty, Debashis
Holdings
Withdrawn status Lost status Damaged status Not for loan Permanent Location Current Location Date acquired Full call number Barcode Date last seen Price effective from Koha item type
        Indian Institute of Public Administration Indian Institute of Public Administration 2009-03-17 T19x54 C349 83078 2018-07-21 2018-07-21 Book

Powered by Koha